000 01515cam a22003857a 4500
003 CHAP
005 20220329141352.0
008 971013s1987 r 00010 d
010 _a67135
011 _a68107
035 _a77579
040 _cCHAP
090 _aTesis
100 0 0 _aBretón Limón, José Antonio.
_915257
245 0 _aDinámica poblacional de adultos de Pseudaletia unipuncta (Haw.), Heliothis zea (Boddle) y Spodoptera frugíperda (Smith), capturados con trampa lumínica ubicada en el Campo Agrícola Experimental de la FAUNAL en Marín, N. L., durante el período 1983
260 _aMarín, N. L. :
_bEl autor,
_c1987
300 _a101 h.
502 _aTesis (Ing. Agrónomo Parasitólogo) -- Universidad Autónoma de Nuevo León. Fac. de Agronomía
590 _aALEPH
_b10
_c20130110
_lUCH01
_h1401
590 _aBATCH-UPD
_b10
_c20130110
_lUCH01
_h0252
590 _aBATCH-UPD
_b10
_c20130110
_lUCH01
_h2028
590 _aBATCH-UPD
_b10
_c20130409
_lUCH01
_h2322
590 _aBATCH-UPD
_b10
_c20130410
_lUCH01
_h1346
590 _aBATCH-UPD
_b10
_c20130914
_lUCH01
_h1557
590 _aCONVERSION
_b10
_c20130109
_lUCH01
_h1337
650 1 4 _aGusano cogollero del maíz.
_951561
650 1 4 _aHeliothis (Helicoverpa) zea.
_953438
650 1 4 _aMaíz
_xNuevo León.
_971029
650 1 4 _aMaíz
_xPlagas.
_971034
650 1 4 _aPseudaletia unipuncta.
_992556
650 1 4 _aTrampas para insectos.
_9114609
901 _aBK
942 _cTESIS
949 _bBC
_cTES
_d-30449
_eTS1
_h20830
_i77579
_mD
_si
999 _c67135
_d67135